000 00483nam a22001817a 4500
999 _c2725
_d2725
003 OSt
005 20230815160308.0
008 230815b ||||| |||| 00| 0 eng d
020 _a9781850083467
040 _cKH8
082 _a900 WIL
100 _aWilkes, Aaron,
_eauthor.
245 _aIndustry, Reform and Empire /
_cAaron Wilkes.
260 _aUnited Kingdom:
_bFolens Publishers UK.
300 _c8.66 x 0.54 x 10.83 inches.
650 _aEnglish
_vIndustry
942 _2ddc
_cTR